[Event "3FoglarVeterans_GM_B"]
[Site "?"]
[Date "2007.??.??"]
[Round "?"]
[White "Kurylo, Ryszard (LTU)"]
[Black "Rybak, Milan (CZE)"]
[Result "1/2-1/2"]
[WhiteElo "2445"]
[BlackElo "2500"]
[PlyCount "43"]
[EventDate "2007.??.??"]
[EventType "corr"]
[SourceDate "2007.05.17"]

1. e4 e5 2. Nf3 Nc6 3. Bb5 f5 4. Nc3 fxe4 5. Nxe4 Nf6 6. Qe2 d5 7. Nxe5 dxe4 8.
Qc4 Qd5 9. Qxd5 Nxd5 10. Nxc6 Bd7 11. Nd4 Bc5 12. Ne6 Bb6 13. Nxg7+ Ke7 14.
Bxd7 Kxd7 15. Nf5 Nb4 16. Kd1 Raf8 17. Ng3 Rxf2 18. Nxe4 Rxg2 19. c3 Nd3 20.
Kc2 Ne5 21. Kb3 Nd3 22. Kc2 1/2-1/2

[Event "3FoglarVeterans_GM_B"]
[Site "?"]
[Date "2007.??.??"]
[Round "?"]
[White "Teichmann, Cenek (CZE)"]
[Black "Barreras Garcia, Alberto (VEN)"]
[Result "1/2-1/2"]
[WhiteElo "2425"]
[BlackElo "2417"]
[PlyCount "109"]
[EventDate "2007.??.??"]
[EventType "corr"]
[SourceDate "2007.05.17"]

1. e4 e6 2. d4 d5 3. Nc3 Bb4 4. e5 c5 5. a3 Bxc3+ 6. bxc3 Ne7 7. Qg4 Qc7 8.
Qxg7 Rg8 9. Qxh7 cxd4 10. Ne2 Nbc6 11. f4 Bd7 12. Qd3 dxc3 13. Qxc3 O-O-O 14.
Rb1 d4 15. Qd3 Nf5 16. Rg1 f6 17. g4 Nh4 18. exf6 e5 19. f7 Rxg4 20. Rxg4 Bxg4
21. Bh3 Qd7 22. Bxg4 Qxg4 23. Qg3 Qh5 24. Rb3 e4 25. Qg8 Qd5 26. Qg7 Nf3+ 27.
Rxf3 exf3 28. f8=Q Qe4 29. Qxd8+ Kxd8 30. Qg8+ Kd7 31. Qc4 fxe2 32. Qxe2 Qd5
33. h3 Qh1+ 34. Qf1 Qe4+ 35. Kd1 Ne7 36. Bd2 Nf5 37. Qb5+ Ke7 38. Qe5+ Qxe5 39.
fxe5 Ke6 40. Bf4 Kd5 41. Kd2 Ke4 42. Bh2 b5 43. e6 Kd5 44. Kd3 Kxe6 45. Bg1 Kd5
46. c3 dxc3 47. Bxa7 c2 48. Kxc2 Kc4 49. Bb6 Nh4 50. Kb2 Nf3 51. Bd8 Kd3 52.
Bf6 Kc4 53. Kc2 Kd5 54. Kc3 Ke6 55. Bg7 1/2-1/2

[Event "3FoglarVeterans_GM_B"]
[Site "?"]
[Date "2007.??.??"]
[Round "?"]
[White "Barreras Garcia, Alberto (VEN)"]
[Black "Kurylo, Ryszard (LTU)"]
[Result "1-0"]
[WhiteElo "2417"]
[BlackElo "2394"]
[PlyCount "81"]
[EventDate "2007.??.??"]
[EventType "corr"]
[SourceDate "2007.05.17"]

1. e4 c5 2. Nf3 d6 3. d4 cxd4 4. Nxd4 Nf6 5. Nc3 a6 6. Be3 e5 7. Nb3 Be6 8. Qd2
Nbd7 9. f3 Rc8 10. g4 Be7 11. O-O-O b5 12. g5 Nh5 13. Nd5 Bxd5 14. exd5 Nb6 15.
Na5 Nxd5 16. Qxd5 Qxa5 17. Bh3 Rc4 18. Qa8+ Qd8 19. Qxa6 O-O 20. Qxb5 Rh4 21.
Bd7 Bxg5 22. Bxg5 Qxg5+ 23. Kb1 Qe7 24. Bc6 Rd8 25. Rd2 Ng3 26. Rhd1 Nf5 27.
Qb6 Nd4 28. Bd5 Qf8 29. a4 Rh6 30. f4 Rb8 31. Qa7 Rf6 32. c3 Nf5 33. fxe5 dxe5
34. Bc4 Rc8 35. Ba6 Re8 36. Bb5 Rc8 37. Qb7 g6 38. Qxc8 Qxc8 39. Rd8+ Qxd8 40.
Rxd8+ Kg7 41. a5 1-0

[Event "3FoglarVeterans_GM_B"]
[Site "?"]
[Date "2007.??.??"]
[Round "?"]
[White "Baranowski, Tadeusz (POL)"]
[Black "Morais, Gustavo (POR)"]
[Result "1/2-1/2"]
[WhiteElo "2488"]
[BlackElo "2376"]
[PlyCount "79"]
[EventDate "2007.??.??"]
[EventType "corr"]
[SourceDate "2007.05.17"]

1. e4 c5 2. Nf3 d6 3. d4 cxd4 4. Nxd4 Nf6 5. Nc3 a6 6. Bg5 e6 7. Qf3 Bd7 8.
O-O-O Nc6 9. Qg3 Rc8 10. Kb1 h6 11. Be3 Ne5 12. f3 b5 13. a3 Qc7 14. f4 Neg4
15. Bg1 e5 16. h3 Nh5 17. Qf3 Ngf6 18. Nde2 Bc6 19. Rd2 Be7 20. g4 Nxf4 21.
Nxf4 exf4 22. Bd4 Qb7 23. Bg2 b4 24. axb4 Qxb4 25. Qxf4 O-O 26. h4 Rb8 27. Nd5
Nxd5 28. exd5 Bd7 29. g5 h5 30. Re1 Bd8 31. c3 Qb7 32. Be4 Bg4 33. Qxd6 Bc7 34.
Qa3 Bg3 35. Bf2 Bxf2 36. Rxf2 Qb5 37. Qd6 a5 38. Qe5 Rfe8 39. Qd4 Bf5 40. Kc1
1/2-1/2

[Event "3FoglarVeterans_GM_B"]
[Site "?"]
[Date "2007.??.??"]
[Round "?"]
[White "Baranowski, Tadeusz (POL)"]
[Black "Borroni, Enrico (ITA)"]
[Result "1/2-1/2"]
[WhiteElo "2488"]
[BlackElo "2393"]
[PlyCount "71"]
[EventDate "2007.??.??"]
[EventType "corr"]
[SourceDate "2007.05.17"]

1. e4 c6 2. d4 d5 3. Nd2 dxe4 4. Nxe4 Bf5 5. Ng3 Bg6 6. Nf3 Nd7 7. h4 h6 8. h5
Bh7 9. Bd3 Bxd3 10. Qxd3 e6 11. Bf4 Ngf6 12. O-O-O Be7 13. Kb1 O-O 14. Ne4 Nxe4
15. Qxe4 Nf6 16. Qe2 Qd5 17. Ne5 Qe4 18. Qxe4 Nxe4 19. Rhe1 Nf6 20. g4 Rfd8 21.
f3 c5 22. dxc5 Bxc5 23. c4 Kf8 24. Kc2 a6 25. Rxd8+ Rxd8 26. b4 Be7 27. a3 b5
28. c5 Nd5 29. Bg3 Bg5 30. Nc6 Rc8 31. Na5 Ke7 32. Nb7 Kd7 33. Nd6 Rf8 34. Ne4
Kc6 35. Nxg5 hxg5 36. Re5 1/2-1/2

[Event "3FoglarVeterans_GM_B"]
[Site "?"]
[Date "2007.??.??"]
[Round "?"]
[White "Borroni, Enrico (ITA)"]
[Black "Rufenacht, Matthias (SUI)"]
[Result "1/2-1/2"]
[WhiteElo "2393"]
[BlackElo "2390"]
[PlyCount "42"]
[EventDate "2007.??.??"]
[EventType "corr"]
[SourceDate "2007.05.17"]

1. d4 f5 2. g3 Nf6 3. Bg2 g6 4. Nf3 Bg7 5. O-O O-O 6. c4 d6 7. Nc3 Qe8 8. b3
Na6 9. Bb2 e5 10. dxe5 dxe5 11. e4 f4 12. Qe2 h6 13. Rad1 g5 14. gxf4 exf4 15.
e5 Nh7 16. Nd4 g4 17. f3 c5 18. Ndb5 gxf3 19. Bxf3 Qxe5 20. Qxe5 Bxe5 21. a3
Ng5 1/2-1/2

[Event "3FoglarVeterans_GM_B"]
[Site "?"]
[Date "2007.??.??"]
[Round "?"]
[White "Kurylo, Ryszard (LTU)"]
[Black "Prokopp, Heinz (GER)"]
[Result "1/2-1/2"]
[WhiteElo "2394"]
[BlackElo "2427"]
[PlyCount "103"]
[EventDate "2007.??.??"]
[EventType "corr"]
[SourceDate "2007.05.17"]

1. e4 e6 2. d4 d5 3. Nc3 Bb4 4. e5 c5 5. a3 Bxc3+ 6. bxc3 Ne7 7. Qg4 O-O 8. Bd3
f5 9. exf6 Rxf6 10. Bg5 Rf7 11. Qh5 g6 12. Qd1 Nbc6 13. Nf3 Qf8 14. O-O c4 15.
Be2 h6 16. Bc1 Qg7 17. h3 Bd7 18. Re1 g5 19. Nh2 Ng6 20. Bh5 Rf6 21. Ng4 Rf5
22. Ne3 Rf6 23. a4 Nf4 24. a5 Rd8 25. Bf3 Kh7 26. Ng4 Rf5 27. Rb1 Bc8 28. a6 b6
29. Ne3 Rf6 30. Nxc4 Bxa6 31. Nb2 Qc7 32. Bxf4 gxf4 33. Nd3 Kh8 34. Bh5 Rg8 35.
Bg4 Nd8 36. Ne5 Nf7 37. Nxf7+ Qxf7 38. Qf3 Rc8 39. Re5 Rc6 40. Rbe1 Bc8 41. Ra1
a5 42. Qd3 Qc7 43. Ra3 Qd6 44. Rb3 Rc4 45. Qd2 a4 46. Rb4 Qc7 47. Rxc4 Qxc4 48.
Be2 Qa2 49. Qc1 Bd7 50. Bg4 Kg7 51. Re1 Kf7 52. Be2 1/2-1/2

[Event "3FoglarVeterans_GM_B"]
[Site "?"]
[Date "2007.??.??"]
[Round "?"]
[White "Isigkeit, Hans-Jurgen (GER)"]
[Black "Schuster, Juri (EST)"]
[Result "1/2-1/2"]
[WhiteElo "2438"]
[BlackElo "2440"]
[PlyCount "76"]
[EventDate "2007.??.??"]
[EventType "corr"]
[SourceDate "2007.05.17"]

1. d4 d5 2. c4 c6 3. Nc3 Nf6 4. Nf3 e6 5. e3 Nbd7 6. Bd3 Bd6 7. O-O O-O 8. Qc2
dxc4 9. Bxc4 a6 10. Rd1 b5 11. Be2 Qc7 12. a4 Bb7 13. Bd2 h6 14. Rac1 Rfc8 15.
Qb1 b4 16. Ne4 Nxe4 17. Qxe4 a5 18. Qb1 Nf6 19. e4 Be7 20. e5 Nd5 21. Qe4 Ba6
22. Bxa6 Rxa6 23. b3 Qd8 24. Rc2 c5 25. Qg4 Kh8 26. Rdc1 Rac6 27. g3 Qd7 28.
Qe4 Nb6 29. dxc5 Rxc5 30. Rxc5 Rxc5 31. Rxc5 Bxc5 32. Be3 Bxe3 33. Qxe3 Qc6 34.
h4 Nd7 35. Kg2 Kg8 36. g4 Qd5 37. Kg3 Kf8 38. Qd4 Ke7 1/2-1/2

[Event "3FoglarVeterans_GM_B"]
[Site "?"]
[Date "2007.??.??"]
[Round "?"]
[White "Kurylo, Ryszard (LTU)"]
[Black "Roos, Jacqueline (FRA)"]
[Result "1/2-1/2"]
[WhiteElo "2394"]
[BlackElo "2388"]
[PlyCount "68"]
[EventDate "2007.??.??"]
[EventType "corr"]
[SourceDate "2007.05.17"]

1. Nf3 Nf6 2. g3 d5 3. Bg2 c6 4. d4 Bf5 5. O-O e6 6. c4 Nbd7 7. b3 Be7 8. Nh4
Be4 9. f3 Bxb1 10. Rxb1 Nh5 11. f4 Bxh4 12. e4 g6 13. gxh4 dxe4 14. Bxe4 Qxh4
15. Bg2 O-O 16. Bd2 Qf6 17. Be3 Ng7 18. Qe1 Nf5 19. Bf2 Rac8 20. Rd1 b6 21. Qe4
Qe7 22. Bh3 Rfe8 23. Kh1 Qa3 24. Qe2 Qd6 25. Qe4 b5 26. d5 cxd5 27. Bxf5 Qc7
28. Qd4 exf5 29. cxb5 Nb6 30. a4 Re4 31. Qd2 Rce8 32. Rfe1 Rxe1+ 33. Rxe1 Rxe1+
34. Bxe1 Qe7 1/2-1/2

[Event "3FoglarVeterans_GM_B"]
[Site "?"]
[Date "2007.??.??"]
[Round "?"]
[White "Roos, Jacqueline (FRA)"]
[Black "Rybak, Milan (CZE)"]
[Result "1/2-1/2"]
[WhiteElo "2388"]
[BlackElo "2445"]
[PlyCount "48"]
[EventDate "2007.??.??"]
[EventType "corr"]
[SourceDate "2007.05.17"]

1. e4 e5 2. Nf3 Nc6 3. Bc4 Bc5 4. c3 Nf6 5. d3 d6 6. O-O O-O 7. Nbd2 a6 8. Bb3
Ba7 9. h3 h6 10. Re1 Be6 11. Nf1 d5 12. exd5 Nxd5 13. Ng3 Re8 14. Nh5 Qd6 15.
Bxd5 Bxd5 16. Nh4 Be6 17. Qf3 Kh7 18. Qe4+ Kh8 19. Bxh6 gxh6 20. Nf6 Kg7 21.
Nh5+ Kg8 22. Nf6+ Kg7 23. Nh5+ Kg8 24. Nf6+ Kg7 1/2-1/2

[Event "3FoglarVeterans_GM_B"]
[Site "?"]
[Date "2007.??.??"]
[Round "?"]
[White "Morais, Gustavo (POR)"]
[Black "Rufenacht, Matthias (SUI)"]
[Result "1/2-1/2"]
[WhiteElo "2376"]
[BlackElo "2390"]
[PlyCount "41"]
[EventDate "2007.??.??"]
[EventType "corr"]
[SourceDate "2007.05.17"]

1. e4 d5 2. exd5 Qxd5 3. Nc3 Qd6 4. d4 Nf6 5. Nf3 a6 6. Bd3 Bg4 7. Ne4 Nxe4 8.
Bxe4 Nd7 9. h3 Bh5 10. c3 O-O-O 11. Qb3 c6 12. Be3 Nf6 13. Bc2 Bxf3 14. gxf3
Qd5 15. Qxd5 Nxd5 16. f4 e6 17. f5 exf5 18. Bxf5+ Kc7 19. Ke2 g6 20. Be4 f5 21.
Bg2 1/2-1/2

[Event "3FoglarVeterans_GM_B"]
[Site "?"]
[Date "2007.??.??"]
[Round "?"]
[White "Morais, Gustavo (POR)"]
[Black "Kurylo, Ryszard (LTU)"]
[Result "1-0"]
[WhiteElo "2376"]
[BlackElo "2394"]
[PlyCount "83"]
[EventDate "2007.??.??"]
[EventType "corr"]
[SourceDate "2007.05.17"]

1. e4 e5 2. Nf3 Nc6 3. Bb5 a6 4. Ba4 Nf6 5. O-O Be7 6. Re1 b5 7. Bb3 O-O 8. c3
d6 9. h3 Bb7 10. d4 Re8 11. Nbd2 Bf8 12. d5 Nb8 13. Nf1 Nbd7 14. Ng3 Nc5 15.
Bc2 c6 16. b4 Ncd7 17. dxc6 Bxc6 18. Bb3 Nb6 19. Nh2 d5 20. Bg5 dxe4 21. Qxd8
Raxd8 22. Bxf6 gxf6 23. Ng4 Bg7 24. Nh5 Re7 25. Ngxf6+ Bxf6 26. Nxf6+ Kg7 27.
Nxe4 Bxe4 28. Rxe4 f5 29. Ree1 Kf6 30. Red1 Red7 31. Rxd7 Rxd7 32. a4 Rd3 33.
axb5 Rxc3 34. Bg8 axb5 35. Ra6 Rc1+ 36. Kh2 Rc6 37. Bxh7 Rd6 38. g4 fxg4 39.
hxg4 Nc4 40. Rxd6+ Nxd6 41. Kg3 Ne8 42. Kh4 1-0

[Event "3FoglarVeterans_GM_B"]
[Site "?"]
[Date "2007.??.??"]
[Round "?"]
[White "Teichmann, Cenek (CZE)"]
[Black "Isigkeit, Hans-Jurgen (GER)"]
[Result "1-0"]
[WhiteElo "2425"]
[BlackElo "2438"]
[PlyCount "93"]
[EventDate "2007.??.??"]
[EventType "corr"]
[SourceDate "2007.05.17"]

1. e4 c5 2. Nf3 e6 3. d4 cxd4 4. Nxd4 Nf6 5. Nc3 d6 6. Be3 a6 7. f3 b5 8. Qd2
Nbd7 9. g4 h6 10. O-O-O Bb7 11. h4 b4 12. Na4 d5 13. Bh3 dxe4 14. g5 hxg5 15.
hxg5 Ne5 16. gxf6 gxf6 17. Qe1 Qc7 18. fxe4 Rc8 19. Bf2 f5 20. Bg2 Rg8 21. Rg1
Rg4 22. Kb1 Bxe4 23. Bxe4 Rxe4 24. Qd2 Ng4 25. c3 Rd8 26. Qc2 Nxf2 27. Qxf2 Rd7
28. Nb3 Rc4 29. Qg2 Rd6 30. Rxd6 Qxd6 31. Qa8+ Ke7 32. cxb4 Rg4 33. Re1 Re4 34.
Rc1 Rxb4 35. Nac5 Bh6 36. Re1 Bg5 37. Qa7+ Kf8 38. a3 Rc4 39. Nd7+ Kg8 40. Qa8+
Kg7 41. Ne5 Re4 42. Rg1 Qxe5 43. Rxg5+ Kh6 44. Rg8 Kh7 45. Qf8 Rg4 46. Qxf7+
Kh6 47. Rd8 1-0

[Event "3FoglarVeterans_GM_B"]
[Site "?"]
[Date "2007.??.??"]
[Round "?"]
[White "Baranowski, Tadeusz (POL)"]
[Black "Rufenacht, Matthias (SUI)"]
[Result "1/2-1/2"]
[WhiteElo "2488"]
[BlackElo "2390"]
[PlyCount "37"]
[EventDate "2007.??.??"]
[EventType "corr"]
[SourceDate "2007.05.17"]

1. e4 d5 2. exd5 Qxd5 3. Nc3 Qd6 4. d4 Nf6 5. Nf3 a6 6. g3 Bg4 7. Bg2 Nc6 8. h3
Bh5 9. Be3 O-O-O 10. O-O e6 11. a3 Be7 12. b4 e5 13. dxe5 Nxe5 14. g4 Qxd1 15.
Raxd1 Nxf3+ 16. Bxf3 Bg6 17. g5 Nd7 18. Nd5 Bd6 19. c4 1/2-1/2

[Event "3FoglarVeterans_GM_B"]
[Site "?"]
[Date "2007.??.??"]
[Round "?"]
[White "Szczepanski, Zbigniew (POL)"]
[Black "Roos, Jacqueline (FRA)"]
[Result "1-0"]
[WhiteElo "2471"]
[BlackElo "2388"]
[PlyCount "133"]
[EventDate "2007.??.??"]
[EventType "corr"]
[SourceDate "2007.05.17"]

1. d4 Nf6 2. c4 e6 3. Nf3 d5 4. g3 Bb4+ 5. Bd2 Be7 6. Bg2 O-O 7. O-O c6 8. Qc2
b6 9. Nc3 Ba6 10. cxd5 cxd5 11. Ne5 Bb7 12. e4 dxe4 13. Nxe4 Nd5 14. Qa4 f6 15.
Nd3 Ba6 16. Qc2 Qd7 17. Nc3 Nc6 18. Nxd5 exd5 19. Bc3 Rac8 20. Rfe1 g5 21. Qd1
Rfe8 22. f4 Rcd8 23. fxg5 fxg5 24. Rc1 Bxd3 25. Qxd3 g4 26. Rf1 Rf8 27. a3 Bg5
28. Bd2 Rxf1+ 29. Rxf1 Bxd2 30. Qxd2 Qg7 31. Rf4 Qg6 32. b4 Qe6 33. Rf2 Ne7 34.
Re2 Qf6 35. Re5 Kh8 36. b5 Rf8 37. Qe2 Ng6 38. Rxd5 Rc8 39. Bf1 Rc1 40. Rd7 Nf8
41. Rxa7 Qxd4+ 42. Qf2 Ne6 43. a4 Rc2 44. Qxd4+ Nxd4 45. Bg2 Rb2 46. Ra6 Rb1+
47. Kf2 Rb2+ 48. Ke3 Nxb5 49. Rxb6 Rxg2 50. axb5 Rxh2 51. Kf4 Rb2 52. Kxg4 Kg7
53. Kh5 Rh2+ 54. Kg5 h6+ 55. Kf5 Rh5+ 56. Kf4 Rc5 57. g4 Rc4+ 58. Kf5 Rc5+ 59.
Ke6 Rg5 60. Kd7 Kh7 61. Kc7 Rg7+ 62. Kb8 Rxg4 63. Rd6 h5 64. b6 h4 65. b7 h3
66. Rd3 Rh4 67. Kc7 1-0

[Event "3FoglarVeterans_GM_B"]
[Site "?"]
[Date "2007.??.??"]
[Round "?"]
[White "Teichmann, Cenek (CZE)"]
[Black "Schuster, Juri (EST)"]
[Result "1-0"]
[WhiteElo "2425"]
[BlackElo "2440"]
[PlyCount "65"]
[EventDate "2007.??.??"]
[EventType "corr"]
[SourceDate "2007.05.17"]

1. e4 c5 2. Nf3 Nc6 3. Bb5 d6 4. O-O Bd7 5. c3 a6 6. Ba4 Nf6 7. Re1 b5 8. Bc2
e5 9. h3 Be7 10. d4 O-O 11. d5 Na5 12. Nbd2 g6 13. Nf1 Nh5 14. Bh6 Re8 15. b3
Nf4 16. Qd2 Bf6 17. Ng3 Bg7 18. Bxg7 Kxg7 19. Ne2 Nh5 20. Rf1 Nf6 21. Ng3 h6
22. Nh2 Nb7 23. f4 Rf8 24. Rf2 exf4 25. Rxf4 Nh7 26. Raf1 f6 27. Ng4 h5 28. e5
hxg4 29. e6 gxh3 30. Bxg6 Kxg6 31. Qd3+ f5 32. Rxf5 Rxf5 33. Qxf5+ 1-0

[Event "3FoglarVeterans_GM_B"]
[Site "?"]
[Date "2007.??.??"]
[Round "?"]
[White "Rufenacht, Matthias (SUI)"]
[Black "Prokopp, Heinz (GER)"]
[Result "1-0"]
[WhiteElo "2390"]
[BlackElo "2427"]
[PlyCount "99"]
[EventDate "2007.??.??"]
[EventType "corr"]
[SourceDate "2007.05.17"]

1. e4 e6 2. d4 d5 3. Nc3 Bb4 4. e5 c5 5. a3 Bxc3+ 6. bxc3 Ne7 7. Qg4 O-O 8. Bd3
f5 9. exf6 Rxf6 10. Bg5 Rf7 11. Qh5 g6 12. Qd1 Nbc6 13. Nf3 Qf8 14. O-O c4 15.
Be2 h6 16. Bc1 Qg7 17. a4 Bd7 18. Ba3 g5 19. h3 Ng6 20. Bd6 Rd8 21. Qd2 Bc8 22.
Bg3 Nf4 23. Rae1 Rdf8 24. Bd1 Rf5 25. Re3 Bd7 26. Rfe1 b6 27. Qc1 Kh8 28. Qa3
R8f6 29. Nh2 Qf8 30. Qxf8+ Rxf8 31. Bg4 R5f6 32. h4 Ne7 33. hxg5 hxg5 34. Nf3
Nf5 35. Bxf5 Rxf5 36. Ra1 Kg7 37. a5 b5 38. Ne5 Be8 39. Rae1 a6 40. Bh2 Kh6 41.
f3 Kh7 42. Kf2 Rg8 43. Ng4 Bd7 44. Re5 Rxe5 45. Nxe5 Bc8 46. Bxf4 gxf4 47. Rh1+
Kg7 48. Rh4 Rf8 49. Rg4+ Kh7 50. Ng6 1-0

[Event "3FoglarVeterans_GM_B"]
[Site "?"]
[Date "2007.??.??"]
[Round "?"]
[White "Teichmann, Cenek (CZE)"]
[Black "Borroni, Enrico (ITA)"]
[Result "1-0"]
[WhiteElo "2425"]
[BlackElo "2393"]
[PlyCount "103"]
[EventDate "2007.??.??"]
[EventType "corr"]
[SourceDate "2007.05.17"]

1. e4 c6 2. d4 d5 3. Nc3 dxe4 4. Nxe4 Bf5 5. Ng3 Bg6 6. h4 h6 7. Nf3 Nd7 8. h5
Bh7 9. Bd3 Bxd3 10. Qxd3 e6 11. Bf4 Ngf6 12. O-O-O Be7 13. Kb1 O-O 14. Ne4 Nxe4
15. Qxe4 Nf6 16. Qe2 Qd5 17. Ne5 Qe4 18. Qxe4 Nxe4 19. Rhe1 Nf6 20. g4 Rfd8 21.
Be3 Bd6 22. f3 Rac8 23. c4 b5 24. Rc1 bxc4 25. Rxc4 c5 26. Nd3 cxd4 27. Rxc8
Rxc8 28. Bxd4 a5 29. Rc1 Rd8 30. Bb6 Ra8 31. Rc6 Be7 32. Be3 Kf8 33. a4 Nd5 34.
Bd2 Ke8 35. Kc2 Bg5 36. Bxg5 hxg5 37. Rc5 Ke7 38. Rb5 Kd6 39. Kd2 Ra7 40. Ke2
f5 41. Kf2 Ra8 42. Kg3 Ra7 43. Nf2 Nc7 44. Rb6+ Kc5 45. Rb8 Kd4 46. Nh3 f4+ 47.
Kf2 Na6 48. Rb5 Nc5 49. Nxg5 Kc4 50. b3+ Kd4 51. Ke2 e5 52. b4 1-0

[Event "3FoglarVeterans_GM_B"]
[Site "?"]
[Date "2007.??.??"]
[Round "?"]
[White "Rufenacht, Matthias (SUI)"]
[Black "Rybak, Milan (CZE)"]
[Result "1/2-1/2"]
[WhiteElo "2390"]
[BlackElo "2445"]
[PlyCount "31"]
[EventDate "2007.??.??"]
[EventType "corr"]
[SourceDate "2007.05.17"]

1. e4 e5 2. Nf3 Nc6 3. Nc3 g6 4. d4 exd4 5. Nxd4 Bg7 6. Be3 Nf6 7. Qd2 O-O 8.
O-O-O Re8 9. f3 d5 10. Bb5 Bd7 11. Qf2 Na5 12. Nb3 Nxb3+ 13. cxb3 Bxb5 14. Nxb5
c6 15. Nc3 Qe7 16. Bc5 1/2-1/2

[Event "3FoglarVeterans_GM_B"]
[Site "?"]
[Date "2007.??.??"]
[Round "?"]
[White "Kurylo, Ryszard (LTU)"]
[Black "Szczepanski, Zbigniew (POL)"]
[Result "0-1"]
[WhiteElo "2394"]
[BlackElo "2471"]
[PlyCount "108"]
[EventDate "2007.??.??"]
[EventType "corr"]
[SourceDate "2007.05.17"]

1. Nf3 Nf6 2. g3 d5 3. Bg2 e6 4. O-O Be7 5. d4 O-O 6. Nbd2 c5 7. dxc5 Na6 8. c4
Nxc5 9. Qc2 b6 10. cxd5 Nxd5 11. Ne4 Nxe4 12. Qxe4 Ba6 13. Re1 Rc8 14. Bd2 Qd7
15. Rad1 Nf6 16. Qb1 Qa4 17. e4 Rfd8 18. b3 Qe8 19. Bf4 Bb4 20. Rxd8 Rxd8 21.
Rd1 h6 22. h3 Bb7 23. Rxd8 Qxd8 24. e5 Ne4 25. Ne1 Nc3 26. Qc2 Ba6 27. Kh2 Ne2
28. Nf3 Nxf4 29. gxf4 Qd3 30. Qc7 g6 31. Kg3 Bc5 32. h4 Bb5 33. Qxa7 Qc2 34.
Qb8+ Kg7 35. Qd8 Qxf2+ 36. Kh2 Qxa2 37. Qf6+ Kg8 38. Qd8+ Bf8 39. Qxb6 Qxb3 40.
Nd2 Qb4 41. Ne4 Be7 42. Kh3 Qb3+ 43. Ng3 h5 44. Qf2 Qd1 45. Bf3 Qc1 46. Bg2 Bb4
47. Qd4 Ba5 48. Bf3 Kg7 49. Bg2 Qd2 50. Qe4 Qf2 51. Qf3 Qxf3 52. Bxf3 Bd2 53.
f5 exf5 54. Ne2 Be1 0-1

[Event "3FoglarVeterans_GM_B"]
[Site "?"]
[Date "2007.??.??"]
[Round "?"]
[White "Roos, Jacqueline (FRA)"]
[Black "Isigkeit, Hans-Jurgen (GER)"]
[Result "1-0"]
[WhiteElo "2388"]
[BlackElo "2438"]
[PlyCount "105"]
[EventDate "2007.??.??"]
[EventType "corr"]
[SourceDate "2007.05.17"]

1. e4 c5 2. Nf3 e6 3. d4 cxd4 4. Nxd4 Nf6 5. Nc3 d6 6. Be3 a6 7. f3 b5 8. Qd2
Nbd7 9. g4 h6 10. O-O-O Bb7 11. h4 b4 12. Na4 d5 13. Bh3 dxe4 14. g5 hxg5 15.
hxg5 Ne5 16. gxf6 gxf6 17. Qf2 Qc7 18. fxe4 f5 19. Qe1 Bxe4 20. Bg2 Rxh1 21.
Qxh1 Bxg2 22. Qxg2 Rd8 23. Kb1 Nc4 24. Bc1 Rd5 25. Rd3 f4 26. b3 Ne3 27. Bxe3
fxe3 28. c4 bxc3 29. Nxc3 Rd7 30. Qe4 Qd6 31. Qxe3 Bg7 32. Nce2 Qd5 33. Rd1 Rd6
34. a3 Bf6 35. Nc3 Qh5 36. Rd3 Bxd4 37. Rxd4 Qc5 38. Rd3 Qxe3 39. Rxe3 f5 40.
Kc2 Kf7 41. Rd3 Rc6 42. Rd7+ Kf6 43. Kd3 e5 44. b4 Ke6 45. Rd8 Ke7 46. Rd5 Ke6
47. Rc5 Rd6+ 48. Ke2 f4 49. Ne4 Rd4 50. Ng5+ Kf5 51. Nf3 Re4+ 52. Kf2 Re3 53.
Ra5 1-0

[Event "3FoglarVeterans_GM_B"]
[Site "?"]
[Date "2007.??.??"]
[Round "?"]
[White "Baranowski, Tadeusz (POL)"]
[Black "Kurylo, Ryszard (LTU)"]
[Result "1-0"]
[WhiteElo "2471"]
[BlackElo "2394"]
[PlyCount "75"]
[EventDate "2007.??.??"]
[EventType "corr"]
[SourceDate "2007.05.17"]

1. e4 e5 2. Nf3 Nc6 3. Bb5 a6 4. Bxc6 dxc6 5. O-O f6 6. d4 Bg4 7. c3 Bd6 8. Be3
Nh6 9. h3 Bh5 10. dxe5 fxe5 11. Nbd2 Nf7 12. Qb3 b6 13. Qa4 Qd7 14. g4 Bg6 15.
Nh4 b5 16. Qc2 Qe6 17. Nf5 O-O 18. Rfd1 Qf6 19. c4 Rfd8 20. Nf3 Bxf5 21. gxf5
g6 22. h4 c5 23. a4 b4 24. Bg5 Nxg5 25. hxg5 Qe7 26. f6 Qe6 27. Qd3 Bf8 28. Qe3
Bd6 29. b3 Rf8 30. Kf1 h6 31. Ke2 hxg5 32. Rh1 Rxf6 33. Rag1 Rxf3 34. Qxf3 Rf8
35. Qh3 Qxh3 36. Rxh3 Rf4 37. Rxg5 Rxe4+ 38. Re3 1-0

[Event "3FoglarVeterans_GM_B"]
[Site "?"]
[Date "2007.??.??"]
[Round "?"]
[White "Schuster, Juri (EST)"]
[Black "Kurylo, Ryszard (LTU)"]
[Result "1/2-1/2"]
[WhiteElo "2440"]
[BlackElo "2394"]
[PlyCount "100"]
[EventDate "2007.??.??"]
[EventType "corr"]
[SourceDate "2007.05.17"]

1. e4 e5 2. Nf3 Nc6 3. Bb5 a6 4. Ba4 Nf6 5. O-O Be7 6. Re1 b5 7. Bb3 O-O 8. c3
d6 9. h3 Bb7 10. d4 Re8 11. Nbd2 Bf8 12. a4 h6 13. d5 Nb8 14. c4 c6 15. axb5
axb5 16. Rxa8 Bxa8 17. cxb5 cxd5 18. exd5 Nxd5 19. Ne4 Nc7 20. Bg5 Qd7 21. b6
Ne6 22. Bxh6 Bxe4 23. Rxe4 gxh6 24. Ba4 Qe7 25. Bxe8 Qxe8 26. Rg4+ Kh8 27. Qa4
Qxa4 28. Rxa4 Nc5 29. Ra8 Ncd7 30. Nh2 f5 31. Nf1 f4 32. g3 Kg7 33. gxf4 exf4
34. Nd2 Kf6 35. Nb3 Ke6 36. Kg2 Bg7 37. Kf3 Be5 38. Nc1 Kd5 39. Nd3 Kc6 40. b7
Kxb7 41. Ra1 Nf6 42. Nxf4 Nc6 43. Nd3 Nd4+ 44. Kg2 Nd5 45. Ra5 Nf4+ 46. Nxf4
Bxf4 47. Ra4 Be5 48. f4 Bf6 49. Kg3 Nc6 50. Kg4 Bxb2 1/2-1/2

[Event "3FoglarVeterans_GM_B"]
[Site "?"]
[Date "2007.??.??"]
[Round "?"]
[White "Szczepanski, Zbigniew (POL)"]
[Black "Schuster, Juri (EST)"]
[Result "1-0"]
[WhiteElo "2471"]
[BlackElo "2440"]
[PlyCount "119"]
[EventDate "2007.??.??"]
[EventType "corr"]
[SourceDate "2007.05.17"]

1. d4 d5 2. c4 c6 3. Nf3 Nf6 4. cxd5 cxd5 5. Nc3 Nc6 6. Bf4 e6 7. e3 Be7 8. Bd3
O-O 9. h3 Bd7 10. O-O Qb6 11. a3 Na5 12. Ne5 Rfc8 13. Qe2 Qd8 14. Rac1 Be8 15.
Rfe1 Nb3 16. Rc2 Nd7 17. Nf3 Nf6 18. Qd1 Na5 19. Ne5 Nc6 20. Qe2 a6 21. Nf3 h6
22. Rec1 Na5 23. Ne5 Nb3 24. Re1 Nd7 25. Nxd7 Bxd7 26. Be5 Be8 27. Qg4 Bf8 28.
h4 Bd7 29. Rce2 Na5 30. e4 Nc6 31. exd5 exd5 32. Qg3 Nxe5 33. dxe5 Be6 34. Bb1
Rc4 35. Qd3 g6 36. h5 Rg4 37. hxg6 Rxg6 38. g3 Bc5 39. Kg2 Rc8 40. Rd2 d4 41.
Ne2 h5 42. Nxd4 Bxd4 43. Qxd4 Qxd4 44. Rxd4 Rg4 45. Red1 Kf8 46. f4 Ke7 47. Be4
f6 48. exf6+ Kxf6 49. Bf3 Rg7 50. Bxh5 Rh8 51. Bf3 Rhg8 52. Rd6 Rxg3+ 53. Kf2
Ke7 54. Bxb7 R3g4 55. Rxe6+ Kxe6 56. Bd5+ Ke7 57. Bxg8 Rxg8 58. Kf3 Rb8 59. b4
a5 60. bxa5 1-0

[Event "3FoglarVeterans_GM_B"]
[Site "?"]
[Date "2007.??.??"]
[Round "?"]
[White "Rufenacht, Matthias (SUI)"]
[Black "Teichmann, Cenek (CZE)"]
[Result "1-0"]
[WhiteElo "2390"]
[BlackElo "2425"]
[PlyCount "69"]
[EventDate "2007.??.??"]
[EventType "corr"]
[SourceDate "2007.05.17"]

1. e4 c5 2. c3 Nf6 3. e5 Nd5 4. d4 cxd4 5. cxd4 e6 6. Nf3 d6 7. Bc4 Nb6 8. Bd3
dxe5 9. dxe5 N8d7 10. O-O Nc5 11. Be2 Qxd1 12. Rxd1 Nd5 13. Bc4 Nb6 14. Bb5+
Bd7 15. Nc3 a6 16. Be2 Nba4 17. Nxa4 Bxa4 18. b3 Bc6 19. Nd4 Bd5 20. Be3 Nd7
21. f4 Ba3 22. Nc2 Bb2 23. Rab1 Bc3 24. Bf2 Be4 25. Bd3 Bxd3 26. Rxd3 Ba5 27.
Rbd1 O-O-O 28. Nd4 h6 29. b4 Bb6 30. a4 Nf8 31. b5 a5 32. Rg3 Bxd4 33. Rxd4 Ng6
34. Rc4+ Kb8 35. Bc5 1-0